000 00463nam a2200169 a 4500
001 0000-8769
003 ELIB.Books
008 110520 1997
035 _a(ELIB.Books)0000-8915
082 _a221.823
_bBru
100 _aBrueggemann, Walter
245 _aTheology of the Old Testament
260 _bMineapolis: Fortress Press
_c1997
650 _aOld Testament Theology
942 _2ddc
_cBK
998 _cbat
_e2011-05-20
_mcat
_u2018-11-27
999 _c8769
_d8769